LEADER 01016nam0 2200313 450 001 000024272 005 20090311144119.0 010 $a0-07-000406-4 100 $a20090311d1992----km-y0itay50------ba 101 0 $aeng 102 $aUS 105 $aa-------001yy 200 1 $aFortran 90 handbook$ecomplete ANSI/ISO reference$fJeanne C. Adams ... [et al.] 210 $aNew York$cMcGraw-Hill$dc1992 215 $aXI, 740 p.$cill.$d24 cm 500 10$aFortran 90 handbook$959713 517 1 $aFortran novanta handbook 610 1 $aElaboratori elettronici$aProgrammazione$aLinguaggio Fortran 676 $a005.133$v21$9SPECIFICI LINGUAGGI DI PROGRAMMAZIONE 702 1$aBrainerd,$bWalter S. 702 1$aWagener,$bJerrold L. 702 1$aMartin,$bJeanne T. 702 1$aSmith,$bBrian T. 702 1$aAdams,$bJeanne C. 801 0$aIT$bUNIPARTHENOPE$c20090311$gRICA$2UNIMARC 912 $a000024272 951 $aP1 005-F/5$b41223$cPIST$d2009 996 $aFortran 90 handbook$959713 997 $aUNIPARTHENOPE